Fill in the Blanks K-pop (KIOF Ver.) - Statistics

General Stats
  • This quiz has been taken 27 times
    4 since last reset
  • The average score is 3 of 12
Answer Stats
Hint Answer % Correct
Tonight let's start a ___________ masquerade
75%
But it's never what you think, ______ trust
75%
Feel like I'm hot stuff, you're my _______ rockstar
50%
Imma dance in the ____, so slowly rain
25%
Move me like my favorite ______ song
25%
_______ that D, I'm good, I'm healthy vitamin
25%
Drippin' like ______ melting gelato
0%
Eat your _____, eat your ______ love
0%
Dancing in _______ shadow
0%
Hey baby, I'm so _______ toxic
0%
I'm the ____ on the moon woman
0%
So lose ______ yourself
0%
No matching quizzes found
Score Distribution
Percent of People with Each Score
Percentile by Number Answered
Your Score History
You have not taken this quiz since the last reset